Riconosci il Pokémon - Quiz n°751 - Statistics

Statistiche generali
  • Questo quiz è stato fatto 0 volte
  • Il punteggio medio è 0 su 10
Statistiche sulle risposte
Indizio Riposta % Corretto
Altezza 1,6 m
0%
Peso 39,0 kg
0%
Tasso di cattura 45 (11.9%)
0%
Sesso 50% ♂, 50% ♀
0%
Pokémon Grapploct
0%
Tipo Lotta
0%
Tasso di allevamento Medio-Lento
0%
Generazione Ottava
0%
Stadio evoluzione Prima evoluzione
0%
Abilità Scioltezza; Tecnico
0%
Nessun quiz corrispondente trovato
Distribuzione punteggi
Percentuale di utenti per punteggio
Percentile per numero di risposta
I tuoi punteggi nel tempo
Non hai fatto questo quiz